000
00328nam a2200157Ia 4500
100
_a
Sudha Murthy
650
_a
General
942
_c
BK
366
_f
20
654
_a
stories
245
_a
The Magic drum and other favourite stories
260
_b
Penquin books
_c
2006
300
_a
145
546
_a
ENGLISH
999
_c
18477
_d
18477